Travaux pratiques et dirigés : ampli. Op. (Record no. 13389)
[ view plain ]
| 000 -LEADER | |
|---|---|
| fixed length control field | 00717 a2200277 4500 |
| 035 ## - SYSTEM CONTROL NUMBER | |
| System control number | 10498 |
| 035 ## - SYSTEM CONTROL NUMBER | |
| System control number | 10499 |
| 035 ## - SYSTEM CONTROL NUMBER | |
| System control number | 10909 |
| 035 ## - SYSTEM CONTROL NUMBER | |
| System control number | 10910 |
| 020 ## - NUMERO INTERNATIONAL NORMALISE DES LIVRES | |
| International Standard Book Number | 2-7117-4196-6 |
| 100 ## - VEDETTE PRINCIPALE - NOM DE PERSONNE | |
| Personal name | DATTÉE, François |
| 130 ## - VEDETTE PRINCIPALE - TITRE UNIFORME | |
| Language of a work | Fr. |
| 260 ## - PUBLICATION, DISTRIBUTION, ETC. (IMPRINT) | |
| Place of publication, distribution, etc | Paris |
| 260 ## - PUBLICATION, DISTRIBUTION, ETC. (IMPRINT) | |
| Name of publisher, distributor, etc | Vuibert |
| 245 ## - TITLE STATEMENT | |
| Title | Travaux pratiques et dirigés : ampli. Op. |
| 260 ## - PUBLICATION, DISTRIBUTION, ETC. (IMPRINT) | |
| Date of publication, distribution, etc | 1984 |
| 300 ## - PHYSICAL DESCRIPTION | |
| Extent | 207 p. |
| 300 ## - PHYSICAL DESCRIPTION | |
| Other physical details | tabl., fig., graph. ; 24 cm |
| 650 ## - SUBJECT ADDED ENTRY--TOPICAL TERM | |
| Topical term or geographic name as entry element | <Amplificateurs opérationnels><Circuits électroniques> |
| 700 ## - ADDED ENTRY--PERSONAL NAME | |
| Personal name | DELLA MAESTRA, Serge |
| 700 ## - ADDED ENTRY--PERSONAL NAME | |
| Personal name | BOUTIGNY, Jacques |
| Withdrawn status | Lost status | Damaged status | Not for loan | Location (home branch) | Sublocation or collection (holding branch) | Date acquired | Source of acquisition | Koha issues (times borrowed) | Koha full call number | Piece designation (barcode) | Koha date last seen | Price effective from | Koha item type |
|---|---|---|---|---|---|---|---|---|---|---|---|---|---|
| Bibliothèque Ecole Polytechnique d'Abomey-Calavi | Bibliothèque Ecole Polytechnique d'Abomey-Calavi | 27/02/2009 | EPAC | 621.381535/D234t | 21827EPAC | 27/02/2009 | 27/02/2009 | Livre |